Statistics for Caspian Sea General Knowledge

Click here to take the quiz!

General Stats

  • This quiz has been taken 225 times
  • The average score is 9 of 15

Answer Stats

QuestionAnswer% Correct
What world capital is located on the Caspian Sea?Baku
94%
What river starts in Russia's Valdai Hills and empties in to the Caspian Sea?Volga
90%
What country has the longest coastline along the Caspian Sea?Kazakhstan
87%
What country shared the longest border with the Caspian Sea in 1990?Soviet Union
84%
The name "Caspian" comes from the ancient people of "Caspi", who lived in what
nearby mountain range?
Caucasus
78%
Put on your thinking cap ... What is the biggest city of Turkmenistan by the sea?{Türkmen}başy
74%
After what lake, does the Caspian Sea contain the deepest depression in the world?Lake Baikal
70%
What river cuts one part of Kazakhstan, which sometimes makes Kazakhstan to be
partyly considered as European (like Turkey)?
Ural River
61%
What is the name of the Turkmen region that borders the Caspian Sea?
(Shares its name with a major European peninsula)
Balkan
57%
For what type of seafood is the Caspian Sea widely known?Caviar
49%
What Russian federal subject was invaded by Chechen extremists in 1999?Dagestan
36%
What A city is the biggest in the delta of that river?Astrakhan
35%
What coastal city is the capital of the above?{Makha}chkala
28%
Caspian Sea's Garabogazköl is world's largest of what type of shallow body of water?Lagoon
18%
Name one of the three Iranian provinces that border the Caspian Sea.Gilan | Golestan |
Mazandaran
7%

Score Distribution

Percentile by Number Answered

Percent of People with Each Score

Your Score History

You have not taken this quiz